[Event "45th Sitges Open 2019"]
[Site "Sitges"]
[Date "2019.07.25"]
[Round "4.7"]
[White "Escobar Medina, Andres F"]
[Black "Lacasa Diaz, Jose Antonio"]
[Result "0-1"]
[WhiteElo "2296"]
[BlackElo "2391"]
[Annotator "NA"]
[PlyCount "122"]
[EventDate "2019.07.21"]
[EventType "swiss"]
[EventCountry "ESP"]
[SourceTitle "playchess.com"]
[Source "ChessBase"]
[SourceQuality "1"]
[TimeControl "40/5400+30:1800+30"]

1. d4 {[%emt 0:00:00]} d5 {[%emt 0:02:02]} 2. c4 {[%emt 0:00:00]} e6 {[%emt 0:00:06]} 3. Nc3 {[%emt 0:00:53]} c5 {[%emt 0:00:11]} 4. cxd5 {[%emt 0:00:42]} exd5 {[%emt 0:00:09]} 5. Nf3 {[%emt 0:01:39]} Nc6 {[%emt 0:00:09]} 6. g3 {[%emt 0:01:12]} Nf6 {[%emt 0:00:12]} 7. Bg2 {[%emt 0:00:08]} Be7 {[%emt 0:00:07]} 8. O-O {[%emt 0:01:51]} O-O {[%emt 0:00:20]} 9. dxc5 {[%emt 0:01:01]} d4 {[%emt 0:03:44]} 10. Na4 {[%emt 0:02:19]} Bf5 {[%emt 0:00:19]} 11. Bf4 {[%emt 0:05:32]} Be4 {[%emt 0:01:41]} 12. a3 {[%emt 0:15:16]} Qd5 {[%emt 0:02:37]} 13. b4 {[%emt 0:03:41]} h6 {[%emt 0:24:10]} 14. Ne1 {[%emt 0:09:43]} Bxg2 {[%emt 0:06:52]} 15. Nxg2 {[%emt 0:00:07]} Rfe8 {[%emt 0:05:13]} 16. Nb2 {[%emt 0:03:53]} Rad8 {[%emt 0:03:54]} 17. Nd3 {[%emt 0:02:27]} Ne4 {[%emt 0:06:06]} 18. Qc2 {[%emt 0:06:19]} Nc3 {[%emt 0:08:33]} 19. Rfe1 {[%emt 0:07:22]} Bf6 {[%emt 0:00:20]} 20. Bd6 {[%emt 0:00:21]} g5 {[%emt 0:00:55]} 21. a4 {[%emt 0:03:47]} a6 {[%emt 0:01:06]} 22. h4 {[%emt 0:03:18]} Re6 {[%emt 0:05:19]} 23. b5 {[%emt 0:02:25]} axb5 {[%emt 0:01:08]} 24. axb5 {[%emt 0:00:04]} Nxb5 {[%emt 0:00:18]} 25. Rab1 {[%emt 0:00:06]} Nc3 {[%emt 0:06:27]} 26. Rxb7 {[%emt 0:00:10]} Rde8 {[%emt 0:00:08]} 27. Nc1 {[%emt 0:09:27]} Ne5 {[%emt 0:01:04]} 28. Bxe5 {[%emt 0:00:37]} Qxb7 {[%emt 0:00:36]} 29. Bxf6 {[%emt 0:00:08]} Rxf6 {[%emt 0:00:09]} 30. e3 {[%emt 0:04:32]} Qd5 {[%emt 0:00:56]} 31. hxg5 {[%emt 0:01:49]} hxg5 {[%emt 0:00:09]} 32. Nb3 {[%emt 0:00:11]} Ne4 {[%emt 0:09:31]} 33. exd4 {[%emt 0:00:07]} Rxf2 {[%emt 0:00:12]} 34. Qxf2 {[%emt 0:00:20]} Nxf2 {[%emt 0:00:06]} 35. Rxe8+ {[%emt 0:00:07]} Kg7 {[%emt 0:00:08]} 36. Kxf2 {[%emt 0:01:04]} Qxb3 {[%emt 0:00:07]} 37. Ne1 {[%emt 0:01:35]} Qc3 {[%emt 0:05:29]} 38. Nf3 {[%emt 0:01:47]} g4 {[%emt 0:00:39]} 39. Re3 {[%emt 0:00:09]} Qc2+ {[%emt 0:00:34]} 40. Re2 {[%emt 0:00:00]} Qf5 {[%emt 0:00:00]} 41. Re3 {[%emt 0:00:17]} Kg6 {[%emt 0:07:35]} 42. Ke2 {[%emt 0:02:04]} gxf3+ {[%emt 0:00:35]} 43. Rxf3 {[%emt 0:00:04]} Qc2+ {[%emt 0:00:07]} 44. Ke3 {[%emt 0:00:05]} Qc3+ {[%emt 0:00:10]} 45. Ke2 {[%emt 0:00:15]} Qxd4 {[%emt 0:00:26]} 46. Rf4 {[%emt 0:00:06]} Qxc5 {[%emt 0:00:14]} 47. Kf3 {[%emt 0:02:07]} Qd5+ {[%emt 0:02:05]} 48. Kf2 {[%emt 0:00:05]} Qd2+ {[%emt 0:02:11]} 49. Kf3 {[%emt 0:00:06]} Qd1+ {[%emt 0:01:42]} 50. Kf2 {[%emt 0:00:09]} f6 {[%emt 0:01:26]} 51. Rh4 {[%emt 0:00:06]} Kg5 {[%emt 0:00:18]} 52. Kg2 {[%emt 0:01:57]} Qe2+ {[%emt 0:00:28]} 53. Kg1 {[%emt 0:00:04]} Kf5 {[%emt 0:06:30]} 54. Rf4+ {[%emt 0:00:17]} Kg6 {[%emt 0:00:05]} 55. Rh4 {[%emt 0:01:10]} Kg5 {[%emt 0:00:16]} 56. Kh1 {[%emt 0:02:21]} Qf2 {[%emt 0:02:32]} 57. Rg4+ {[%emt 0:01:44]} Kf5 {[%emt 0:00:13]} 58. Rg7 {[%emt 0:00:21]} Ke4 {[%emt 0:00:28]} 59. Rg6 {[%emt 0:00:46]} Ke3 {[%emt 0:00:14]} 60. g4 {[%emt 0:00:33]} Ke2 {[%emt 0:03:43]} 61. g5 {[%emt 0:00:05]} Qh4+ {[%emt 0:00:27]} 0-1

[Event "45th Sitges Open 2019"]
[Site "Sitges"]
[Date "2019.07.25"]
[Round "4.8"]
[White "Panesso Rivera, Henry"]
[Black "Beltran Rueda, Santiago"]
[Result "0-1"]
[WhiteElo "2380"]
[BlackElo "2326"]
[Annotator "TA"]
[PlyCount "78"]
[EventDate "2019.07.21"]
[EventType "swiss"]
[EventCountry "ESP"]
[SourceTitle "playchess.com"]
[Source "ChessBase"]
[SourceQuality "1"]

{[%evp 18,78,13,0,12,0,1,0,24,-29,33,-1,-10,-47,-44,-78,-64,-95,-57,-79,-93,-156,-174,-285,-257,-261,-258,-742,-744,-634,-523,-944,-806,-988,-916,-892,-748,-767,-725,-693,-421,-753,-735,-920,-604,-577,-580,-1138,-1138,-735,-716,-2182,-1685,-1501,-1710,-1647,-1693,-1669,-1599,-29986,-29986,-29987,-29988]} 1. Nf3 d5 2. c4 e6 3. g3 Nf6 4. b3 Be7 5. Bg2 O-O 6. Bb2 c5 7. O-O Nc6 8. e3 b6 9. Qe2 Ba6 10. d3 Qd7 {A14: English Opening: 1...e6 with b3 by White} 11. Nc3 Rad8 12. Rfd1 Rfe8 {The position is equal.} 13. Rac1 (13. Nb5 $142) 13... Bf8 ({Better is} 13... d4 $11 14. exd4 Nxd4 15. Nxd4 cxd4) 14. Bh3 $146 ({Predecessor:} 14. Nb5 e5 15. Nc3 d4 16. Nd5 Nxd5 17. cxd5 Nb4 {0-1 (47) Shetty,A (2389)-Fedoseev,V (2724) chess.com INT 2018}) 14... Qe7 15. Nb1 e5 16. Nh4 g6 17. a3 e4 18. dxe4 Nxe4 19. Qc2 (19. Bg2 $142) 19... d4 $17 20. exd4 (20. Bg2 {was necessary.}) 20... Nxd4 $19 21. Bxd4 cxd4 22. Rf1 $2 (22. Bg2 Bb7 23. Bxe4 Bxe4 24. Qd2) 22... d3 23. Qd1 Bh6 24. f4 Bb7 25. b4 Bg7 {[#] White must now prevent ...Bd4+.} 26. Nf3 Bb2 27. Bg2 Bxc1 28. Qxc1 Nf6 29. Re1 (29. Ne5 $142) 29... Qd6 30. Nbd2 Rxe1+ 31. Qxe1 Re8 {[%cal Bd8e8,Be8e2,Be2a2][%mdl 32]} 32. Qa1 Re2 33. Bf1 Ne4 34. c5 bxc5 35. Nc4 Qd5 {( -> ...Ng5)} 36. Nce5 Ra2 37. Qd1 c4 38. Qa4 Nd2 39. Qe8+ {[#]} Kg7 $1 {Accuracy: White =  9%, Black = 65%.} 0-1

[Event "45th Sitges Open 2019"]
[Site "Sitges"]
[Date "2019.07.26"]
[Round "5.1"]
[White "Baklan, Vladimir"]
[Black "Berdayes Ason, Dylan Isidro"]
[Result "0-1"]
[WhiteElo "2621"]
[BlackElo "2461"]
[Annotator "TA"]
[PlyCount "143"]
[EventDate "2019.07.21"]
[EventType "swiss"]
[EventCountry "ESP"]
[SourceTitle "playchess.com"]
[Source "ChessBase"]
[SourceQuality "1"]

{[%evp 22,143,30,0,19,8,31,24,47,35,47,50,30,20,39,14,81,80,83,45,79,0,0,0,0,-90,-109,-91,-105,-175,-175,-185,-189,-189,-194,-195,-185,-200,-200,-162,-191,-218,-214,-176,-164,-210,-202,-382,-41,-44,-41,-236,-156,-236,-236,-236,-236,-229,-212,-279,-279,-279,-280,-623,-623,-625,-623,-622,-616,-579,-321,-405,-392,-621,-614,-718,-710,-1089,-631,-2860,-2803,-4850,-2919,-6103,-5222,-29956,-29959,-29957,-29957,-29958,-29960,-29957,-29958,-29964,-29961,-29960,-489,-29965,-29966,-29970,-29971,-29971,-29972,-29972,-29964,-29971,-29972,-29975,-29976,-29976,-29977,-29977,-29978,-29978,-29979,-29979,-29980,-29980,-29978,-29985,-29986,-29986,-29985,-29987]} 1. e4 c5 2. Nf3 d6 3. d4 cxd4 4. Nxd4 Nf6 5. Nc3 Nc6 6. Bg5 e6 7. Qd2 a6 8. O-O-O h6 9. Be3 Bd7 10. f3 b5 11. Nxc6 Bxc6 12. Ne2 Qc7 {B66: Sicilian: Richter-Rauzer: 7...a6 8 0-0-0 h6} 13. Kb1 Rc8 (13... Bb7 14. Nd4 e5 15. Nb3 d5 16. exd5 Nxd5 17. Bd3 Bb4 18. c3 Be7 19. Rhe1 Rd8 20. Qf2 Nxe3 21. Qxe3 {½-½ (51) Vachier Lagrave,M (2788)-Salgado Lopez,I (2618) Drancy 2016}) 14. h4 Be7 {White has an edge.} 15. Nd4 Bb7 16. Rc1 $146 ({Predecessor:} 16. Bd3 Nd7 17. g4 d5 18. exd5 Bxd5 19. g5 Ne5 20. gxh6 gxh6 {0-1 (63) Jasny,S (2368)-Svoboda,V (2426) Czech Republic 2016}) 16... d5 17. e5 $1 {[%cal Re5f6]} Nd7 $1 ({Much weaker is} 17... Qxe5 $6 18. Bf4 $16) 18. f4 Nc5 (18... Nb6 $1 $11) 19. Bd3 $16 Ne4 20. Qe1 h5 {[#]} 21. Bxe4 ({Better is} 21. g4 $1 $16 {[%mdl 512]}) 21... dxe4 $11 22. Qg3 {Black must now prevent f5.} g6 $36 {[%mdl 2048] Black has good play.} 23. Nxe6 (23. Rhd1 $11 {keeps the balance.}) 23... fxe6 $17 24. Qxg6+ Kd7 25. Rhd1+ (25. Rcd1+ $17 {might work better.} Bd5 26. f5 Qxe5 27. Bd4 Qxf5 28. Qxf5 exf5 29. Bxh8) 25... Bd5 $19 26. f5 Qxe5 {Strongly threatening ...Kc6.} 27. Bd4 Qxf5 28. Qxf5 exf5 29. Bxh8 Ke6 30. Bd4 Rg8 31. Rg1 Bxh4 32. Rh1 Rg4 33. g3 Bg5 $1 {[%cal Rg5c1]} ({Don't do} 33... Bxg3 34. Rxh5 Bf4 35. Rd1 $15) 34. Rxh5 $2 {[#]} (34. Rce1) 34... Rxg3 $2 ({Black should try} 34... Bxa2+ $1 $19 {[%mdl 512]} 35. Kxa2 Bxc1) 35. Rf1 $1 $15 Bc4 36. Rg1 $2 (36. Re1 $1 $15) 36... Rxg1+ $19 37. Bxg1 {[%mdl 4096] Endgame [#] KRB-KB} Kf6 $1 38. b3 {[#]} Bf7 $1 {[%cal Rf7h5][%mdl 1024] Black has strong compensation.} 39. Bd4+ Kg6 40. Rh1 f4 41. Kc1 e3 42. c4 $2 (42. Rf1) 42... bxc4 43. bxc4 Bxc4 44. Kc2 Bd5 45. Rg1 Be4+ 46. Kc3 {intending Bxe3!} Kf5 47. a3 (47. Re1 $142) 47... Bh4 48. a4 Bd8 49. Kb4 Bg5 50. Kc3 Bh6 51. Re1 f3 52. Rxe3 f2 53. Rf3+ Bxf3 54. Bxf2 Bf8 55. a5 Ke5 56. Bb6 Kd5 57. Kd3 Be4+ 58. Kc3 Bg7+ (58... Kc6 $142 59. Kd4 Bd5 60. Ke5 Bf7 61. Kd4 Kb5 62. Kd3 Bg6+ 63. Ke3 Bb4 64. Kd4 Bd2 65. Bd8 Kb4 66. Bc7 Bc3+ 67. Kd5 Kb5 68. Bg3 Bxa5 69. Ke6 Bc3 70. Bf4 Bb2 71. Kd5 a5 72. Ke6 a4 73. Bd6 a3 74. Bxa3 Bxa3 75. Kf6 Bd3 76. Ke5 Kc4 77. Ke6 Bb2 78. Kd6 Be4 79. Kd7 Bd5 80. Kd6 Bd4 81. Ke7 Kb5 82. Kd6 Bg8 83. Ke7 Bc4 84. Kd6 Kb6 85. Ke7 Kc6 86. Kf8 Kd6 87. Ke8 Bg7 88. Kd8 Bf7 89. Kc8 Kc6 90. Kb8 Be5+ 91. Ka8 Be6 92. Ka7 Bc4 93. Ka8 Kc7 94. Ka7 Bd4+ 95. Ka8 Bd5#) 59. Kd2 (59. Kb4 $19) 59... Kc4 {Black mates.} 60. Bd8 Bh6+ 61. Ke2 Bd3+ 62. Kd1 Kb3 63. Bc7 Be4 64. Ke2 Kc2 65. Bb6 Bd3+ 66. Kf3 Bd2 67. Kf2 Kb3 68. Kf3 Ka4 69. Kf2 Bxa5 70. Bxa5 Kxa5 71. Ke3 Kb4 72. Kd4 {Accuracy: White = 33%, Black = 67%.} 0-1

[Event "45th Sitges Open 2019"]
[Site "Sitges"]
[Date "2019.07.26"]
[Round "5.2"]
[White "Lacasa Diaz, Jose Antonio"]
[Black "Guliyev, Namig"]
[Result "0-1"]
[WhiteElo "2391"]
[BlackElo "2551"]
[Annotator "TA"]
[PlyCount "70"]
[EventDate "2019.07.21"]
[EventType "swiss"]
[EventCountry "ESP"]
[SourceTitle "playchess.com"]
[Source "ChessBase"]
[SourceQuality "1"]

{[%evp 10,114,77,55,94,92,75,34,48,38,91,60,199,191,247,89,97,94,96,58,104,78,121,121,122,123,118,114,120,107,130,73,77,70,62,72,70,78,76,10,0,-38,-41,-34,-30,-87,-22,-30,-30,-37,-19,-35,-32,-149,-77,-168,-136,-133,-135,-125,-131,-129,-109,-111,-114,-100,-55,-58,-58,-139,-92,-105,-103,-108,-139,-124,-53,-435,-615,-460,-608,-579,-572,-411,-404,-297,-38,-38,-38,-38,-38,-1081,-86,-1333,-1450,-1514,-1418,-4706,-6095,-29972,-29974,-29974,-29975,-29972,-29971,-6379,-6221]} 1. c4 e5 2. Nc3 Nf6 3. Nf3 d6 4. d4 e4 5. Nd2 Bf5 6. e3 g6 {A54: Old Indian Defence with Nf3, but without e4} (6... c6 7. b4 d5 8. c5 a6 9. Be2 h5 10. h3 Be7 11. Nb3 Nbd7 12. a4 g5 13. Bb2 Kf8 14. Kd2 Kg7 {1-0 (40) Khismatullin,D (2628)-Rakhmanov,A (2669) Sochi 2017}) 7. Be2 h5 8. Qc2 {[%cal Rd2e4]} Qe7 {White is slightly better.} 9. b4 {[%cal Bb2b4,Bb4b5][%mdl 32]} Nc6 $146 (9... Bg7 $14) ({Predecessor:} 9... Bg7 10. Bb2 h4 11. O-O-O Nc6 12. Rde1 Kf8 {1-0 (49) Ratsma,M (2031)-Ootes,L (2209) Groningen 2012}) 10. Qa4 Bd7 (10... Bg7 $14) 11. b5 $18 Nd8 {[#]} (11... Nb8 $142 12. Ba3 a5) 12. Qc2 $2 (12. Ndxe4 $1 $18 {[%mdl 512]} c6 (12... Nxe4 13. Nd5) 13. Nxf6+ Qxf6 14. Ba3) 12... Bf5 $16 13. Bb2 Bh6 14. O-O O-O 15. Rfc1 h4 16. Nd5 Nxd5 17. cxd5 Rc8 18. a4 {[%cal Ba2a4,Ba4a5][%mdl 32]} Re8 19. a5 Bd7 20. Qb3 (20. Ra3 $142) 20... f5 21. b6 cxb6 22. axb6 axb6 23. Rxc8 Bxc8 24. Rc1 (24. Nc4 $16 f4 25. exf4 (25. Qxb6 Nf7 $14) (25. Nxb6 Bf5 $14)) 24... Nf7 $11 25. Nc4 f4 $1 26. exf4 $1 Bxf4 27. Ne3 (27. Rc2 $11) 27... Qg5 (27... Nh6 $1 $17) 28. Rc7 Nh6 (28... Bh3 $5 29. Bf1 $8 Nh6 $11) 29. Bc1 Bh3 30. Bf1 Bxg2 31. Nxg2 (31. Bxg2 $15 h3 {[%mdl 64] Pin} 32. Qa4) 31... Bxc1 $17 32. Qc2 (32. Qxb6 $17 Nf5 33. Qb5) 32... Bf4 {aiming for ...h3.} 33. Rc8 Rxc8 34. Qxc8+ Kg7 35. Qe6 {[#]} Bd2 {Played: h4-h3} 0-1

[Event "45th Sitges Open 2019"]
[Site "Sitges"]
[Date "2019.07.26"]
[Round "5.3"]
[White "Volkov, Sergey"]
[Black "Perez Mitjans, Orelvis"]
[Result "1-0"]
[WhiteElo "2548"]
[BlackElo "2416"]
[Annotator "TA"]
[PlyCount "123"]
[EventDate "2019.07.21"]
[EventType "swiss"]
[EventCountry "ESP"]
[SourceTitle "playchess.com"]
[Source "ChessBase"]
[SourceQuality "1"]

{[%evp 22,123,45,36,55,29,64,67,94,87,83,87,112,108,117,117,115,122,121,137,122,102,119,104,101,104,106,100,118,108,192,187,189,188,216,77,117,72,79,99,70,60,91,87,78,74,225,132,171,117,162,139,149,157,201,192,806,803,791,771,784,774,1489,1471,1503,1502,1483,1458,6200,1827,6204,6140,4947,768,742,665,4137,4137,4137,4137,4137,4137,4137,2331,5335,2255,29978,4137,29982,29983,29983,29984,29985,29986,29988,29989,29990,29991,29991,29989,29991,29989,29991,29991]} 1. d4 Nf6 2. Nf3 g6 3. c4 Bg7 4. Nc3 O-O 5. e4 d6 6. Be2 e5 7. O-O Nc6 8. Be3 Ng4 9. Bg5 f6 10. Bh4 Nh6 11. d5 Ne7 12. Nd2 c5 {E92: King's Indian: Classical: 6 Be2 e5: 7 dxe5, 7 Be3 and Petrosian System without 7...Nbd7} (12... g5 13. Bg3 Ng6 14. Re1 Nf4 15. Bf1 f5 16. f3 g4 17. fxg4 Nxg4 18. exf5 Bxf5 19. Nde4 Nh5 20. h3 Nxg3 21. Nxg3 Nf2 22. Qd2 Bg6 23. Nge4 Nxe4 24. Nxe4 Qh4 25. g3 Qh6 26. Qxh6 Bxh6 27. Bg2 b6 28. Re2 {½-½ (28) Volkov,S (2547)-Pridorozhni,A (2573) Cheliabinsk 2018}) 13. f3 f5 14. Rb1 f4 {White is slightly better.} 15. b4 $146 {And now bxc5 would win.} ({Predecessor:} 15. a3 Bf6 16. Bf2 b6 17. b4 Nf7 18. Bxc5 dxc5 19. a4 cxb4 {0-1 (19) Kent,K (1640)-Evans,G (2195) IECG email 1997}) 15... b6 16. a4 {[%cal Ba2a4,Ba4a5][%mdl 32]} Nf7 17. a5 g5 18. Bf2 h5 19. Nb5 cxb4 20. Rxb4 Bd7 21. axb6 axb6 22. Nc3 Nc8 23. Na4 Ra6 24. Qb3 {[%cal Ra4b6]} g4 25. Rb1 (25. Nxb6 $6 g3 $11) 25... g3 (25... Bh6 $16) 26. hxg3 $18 fxg3 27. Bxg3 Qg5 28. Nf1 (28. Be1 $1 $18 {and the rest is easy.}) 28... h4 $16 29. Bf2 Bh3 {[%csl Gh3][%cal Rg5g2]} 30. Ne3 Bxg2 31. f4 $1 {[%cal Rf4g5]} exf4 32. Nxg2 {Strongly threatening Qh3.} Ne5 33. Bxh4 Qg6 $2 {[#]} (33... Qh6 $16 34. c5 {[%mdl 64] Discovered Attack} (34. Nxb6 Rxb6 35. Rxb6 Nxb6 $15) 34... dxc5) 34. Bf3 (34. Rf1 $1 $18) 34... Rf7 35. Kf1 (35. Kf2 $18) 35... Rfa7 36. Ne1 (36. Nxf4 Qh6 $16) 36... Nxf3 37. Nxf3 {Black must now prevent Ng5.} (37. Qxf3 $6 Rxa4 38. Qh3 Qe8 $14) 37... Qe8 {[%cal Ra6a4]} 38. Nxb6 Ra3 $2 {[#]} (38... Nxb6 39. Rxb6 Rxb6 40. Qxb6 {[%mdl 64] Double Attack} Qxe4 41. Qb8+ (41. Qxa7 Qxf3+ 42. Qf2 Qd3+ 43. Kg2 Qe4+ 44. Qf3 Qc2+ 45. Bf2 Qg6+ 46. Kh3 Qh7+ 47. Bh4 Qf5+ 48. Kg2 Qc2+ 49. Qf2 Qg6+ 50. Bg3 Qe4+ 51. Kh3 Qf5+ 52. Kg2 Qe4+ 53. Qf3 Qc2+ 54. Kh3 Qf5+ 55. Kg2 Qc2+ 56. Bf2 Qg6+ 57. Kh3 Qh7+ 58. Kg2 Qg6+ $11) 41... Bf8) 39. Nxc8 $1 $18 ({But not} 39. Qd1 $2 Qh5 $19) 39... Rxb3 40. R4xb3 Ra1 41. Rxa1 Bxa1 42. Nxd6 Qa4 43. Rb8+ Kh7 44. Kg2 Qa6 45. Rb7+ Kg8 46. e5 Bxe5 47. Nxe5 {White wants to mate with Rb8+.} Qxd6 48. Re7 Qa3 49. Re8+ Kg7 50. Bf2 Kf6 51. Re6+ Kf5 52. Nf3 Qd3 53. Re5+ Kf6 54. c5 Qg6+ 55. Rg5 {White mates.} Qe4 56. d6 Qa8 57. d7 Ke6 58. c6 Kd6 59. Rg6+ Kc7 60. Nd4 f3+ 61. Kg3 Qb8 62. Kg4 {Played: Kg3xf3} 1-0

[Event "45th Sitges Open 2019"]
[Site "Sitges"]
[Date "2019.07.26"]
[Round "5.4"]
[White "Beltran Rueda, Santiago"]
[Black "Munoz, Miguel"]
[Result "1/2-1/2"]
[WhiteElo "2326"]
[BlackElo "2511"]
[Annotator "ChessBase"]
[PlyCount "62"]
[EventDate "2019.07.21"]
[EventType "swiss"]
[EventCountry "ESP"]
[SourceTitle "playchess.com"]
[Source "ChessBase"]
[SourceQuality "1"]
[TimeControl "40/5400+30:1800+30"]

1. c4 {[%emt 0:00:00]} c5 {[%emt 0:00:00]} 2. Nc3 {[%emt 0:00:00]} Nc6 {[%emt 0:00:00]} 3. g3 {[%emt 0:00:00]} g6 {[%emt 0:00:09]} 4. Bg2 {[%emt 0:00:00]} Bg7 {[%emt 0:00:09]} 5. e3 e6 {[%emt 0:01:06]} 6. Nge2 {[%emt 0:00:06]} Nge7 {[%emt 0:00:07]} 7. O-O O-O {[%emt 0:05:58]} 8. a3 {[%emt 0:02:41]} d5 {[%emt 0:03:27]} 9. cxd5 {[%emt 0:00:07]} exd5 {[%emt 0:00:08]} 10. d4 {[%emt 0:03:13]} cxd4 {[%emt 0:01:53]} 11. Nxd4 {[%emt 0:00:10]} Be6 {[%emt 0:02:00]} 12. Nxe6 {[%emt 0:03:22]} fxe6 {[%emt 0:04:36]} 13. Na4 {[%emt 0:02:24]} Qd6 {[%emt 0:02:28]} 14. Rb1 {[%emt 0:06:09]} Rac8 {[%emt 0:06:41]} 15. b4 {[%emt 0:02:16]} b6 {[%emt 0:00:50]} 16. Bb2 {[%emt 0:03:29]} Bxb2 {[%emt 0:03:53]} 17. Nxb2 {[%emt 0:00:14]} Nf5 {[%emt 0:00:45]} 18. Nd3 {[%emt 0:06:11]} Ne5 {[%emt 0:01:36]} 19. Nf4 {[%emt 0:00:48]} Ng7 {[%emt 0:04:08]} 20. h4 {[%emt 0:03:12]} Nc4 {[%emt 0:11:13]} 21. Rb3 {[%emt 0:02:30]} a6 {[%emt 0:07:05]} 22. Qe2 {[%emt 0:01:05]} Qe5 {[%emt 0:02:34]} 23. Rd1 {[%emt 0:04:43]} Rfd8 {[%emt 0:04:30]} 24. e4 {[%emt 0:04:53]} d4 {[%emt 0:01:39]} 25. Nd3 {[%emt 0:05:29]} Qb5 {[%emt 0:01:59]} 26. e5 {[%emt 0:01:23]} a5 {[%emt 0:00:40]} 27. a4 {[%emt 0:04:44]} Qxa4 {[%emt 0:01:08]} 28. Rdb1 {[%emt 0:00:37]} Na3 {[%emt 0:14:08]} 29. Qa2 {[%emt 0:01:36]} Rc3 {[%emt 0:03:20]} 30. bxa5 {[%emt 0:00:36]} Qxa5 {[%emt 0:00:35]} 31. Rxb6 {[%emt 0:03:31]} Nc4 {[%emt 0:08:41]} 1/2-1/2

[Event "45th Sitges Open 2019"]
[Site "Sitges"]
[Date "2019.07.26"]
[Round "5.5"]
[White "Herrera, Juan Sebastian"]
[Black "Sturt, Raven"]
[Result "1/2-1/2"]
[WhiteElo "2353"]
[BlackElo "2429"]
[Annotator "TA"]
[PlyCount "119"]
[EventDate "2019.07.21"]
[EventType "swiss"]
[EventCountry "ESP"]
[SourceTitle "playchess.com"]
[Source "ChessBase"]
[SourceQuality "1"]

{[%evp 9,119,83,95,82,100,81,108,104,109,81,79,78,79,43,62,54,57,48,77,48,121,-59,-37,-70,-62,-73,-79,-121,-158,-310,-312,-309,-293,-490,-481,-456,-331,-318,-193,-510,-481,-504,-419,-769,-756,-702,-702,-714,-544,-532,-537,-514,-527,-512,-468,-434,-427,-779,-773,-731,-640,-604,-626,-546,-593,-579,-551,-748,-726,-685,-518,-502,-496,-461,-496,-415,-252,-303,-293,-282,-250,-379,-379,-459,0,-276,-137,-283,-266,-312,-233,-192,0,-16,0,-61,0,0,0,0,0,0,0,0,0,0,0,0,0,0,0,0]} 1. d4 Nf6 2. c4 c5 3. d5 e5 4. Nc3 d6 5. e4 Nbd7 6. Nf3 {A56: Czech Benoni} (6. Bd3 Be7 7. Nge2 g6 8. h4 a6 9. Bg5 h6 10. Bd2 Kf8 11. f3 Kg7 12. Be3 h5 13. Qd2 Ne8 14. g3 Ndf6 15. a3 {1-0 (81) Vallejo Pons,F (2695)-Aronian,L (2765) St Petersburg 2018}) 6... g6 7. h3 Nh5 $146 ({Predecessor:} 7... Bg7 8. Bd3 O-O 9. g4 a6 10. a4 Ne8 11. Rg1 Ndf6 12. Bg5 Bd7 13. Nd2 Rb8 {1-0 (87) Vidarte Morales,A (2444)-Martinez Duany,L (2507) Sitges 2009}) 8. g3 {White is better.} a6 9. Be3 Be7 10. Be2 O-O 11. h4 Rb8 12. Nd2 Ng7 13. h5 gxh5 14. Bxh5 b5 ({Black should try} 14... f5 $1 $14 15. Bh6 Nf6) 15. Qf3 $2 ({White should play} 15. Bg4 $16) 15... Nf6 $15 16. g4 Ngxh5 ({But not} 16... Nfxh5 $6 17. gxh5 f5 18. Bh6 $11) 17. gxh5 Kh8 18. Ne2 Rg8 $36 {[%mdl 2048] ...Bg4 is the strong threat. Keeping White busy.} 19. Ng3 $2 (19. Rf1 $17 {was called for.}) 19... Bg4 $19 20. Qg2 Qa5 21. f3 $2 (21. cxb5 Rxb5 22. O-O) 21... bxc4 $1 22. Rb1 Bd7 23. Kf2 Qxa2 24. Ra1 $2 (24. Qf1) 24... Qxb2 25. Rhb1 Qc2 26. Rc1 (26. Rxb8 $142 Rxb8 27. Bh6) 26... Qd3 27. Qf1 {[#]} Nxh5 $1 28. Nxc4 (28. Nxh5 Bh4+) 28... Qxf1+ 29. Nxf1 Bb5 30. Nfd2 Nf4 31. Bxf4 exf4 32. Rh1 Bf6 33. Rab1 (33. e5 $142 Bxe5 34. Nxe5 dxe5 35. Rac1) 33... Bd4+ 34. Ke2 Rg2+ 35. Kd3 Rbg8 36. Rxb5 axb5 37. Nxd6 Be3 38. Nf1 c4+ 39. Kc3 R8g6 40. Nxe3 fxe3 41. Nxb5 {[%mdl 4096] Endgame KRR-KRN} Rg1 42. Rh2 Rf6 43. Kxc4 Rxf3 44. Re2 Rc1+ 45. Kd4 (45. Kd3 $142) 45... Rd1+ 46. Kc5 Rc1+ 47. Kd4 f5 (47... Kg7 $19 {has better winning chances.} 48. e5 Rf4+ 49. Kxe3 Ra4) 48. d6 (48. exf5 $17 {was forced.} Rxf5 49. Nc3) 48... fxe4 $1 ({Less strong is} 48... Rd1+ 49. Ke5 $17) 49. Kxe4 Rf8 50. Nd4 {[#]} Kg8 $2 ({Better is} 50... Re8+ $1 $19 51. Kd5 Rg1) 51. Ne6 {Threatens to win with Rg2+.} Rf2 {[#]} 52. Rxe3 (52. d7 $1 $11 {[%mdl 512]} Rd1 53. Nd4) 52... Rd2 (52... Rd1 $15 53. Rg3+ Kh8) 53. Ke5 $1 $11 {The position is equal.} Rcd1 54. Rg3+ $1 Kh8 55. Ra3 {[%cal Ra3a8]} h6 56. d7 Rxd7 {Hoping for ...Rf7.} 57. Ra8+ Kh7 {aiming for ...Re1+.} 58. Nf8+ {[%mdl 64] Double Attack} Kg7 59. Nxd7 Rxd7 60. Kf5 {Accuracy: White = 41%, Black = 57%.} 1/2-1/2